000
00290nam a2200133Ia 4500
082
_a
616.07
_b
P15M
100
_a
MOHAN, HARSH
245
_a
PATHOLOGY QUICK REVIEW AND MCQ'S
250
_a
7TH
260
_b
JAYPEE
_a
DELHI
_c
2015
300
_a
667
650
_a
PATHOLOGY
942
_2
ddc
_c
BK
_0
35
999
_c
6579
_d
6579